000 00789nam a2200277Ia 4500
008 160803s9999 xx 000 0 und d
020 _a9780439040631
100 _aBourgeois, Paulette
245 _aFranklin in the dark /
245 _cwritten by Paulette Bourgeois ; illustrated by Brenda Clark.
260 _aNew York :
260 _bScholastic Inc.
260 _c1986
300 _a32 unnumbered pages :
300 _bcolor illustrations ;
300 _c22 cm
500 _a"This edition is only available for distribution through the school market"--Page 4 of cover.
650 _aAnimals --
650 _aFear --
650 _aPicture books.
650 _aTurtles --
650 _xFiction.
650 _xFiction.
650 _xFiction.
700 _a460
999 _c299369
_d299369